000 00711cam a2200205 4500
001 WB3708-23
008 000000n2001 000 0 eng u
035 _a(Sirsi) u111094
245 _aRICS campaign leads to UK GMO register
260 _c2001
490 _aRICS Press Release
_v(pr019) 16 February 2001, 2
520 _aThe role of the RICS in campaigning for the introduction of the EU directive requiring member states to set up public registers recording the location of all GM crops, is highlighted
590 _aWB
650 _aRICS
650 _aEU DIRECTIVE
650 _aGENETICALLY MODIFIED CROPS
650 _aPUBLIC REGISTERS
690 _aRURAL-AGRICULTURE AND FORESTRY
942 _n0
999 _c66184
_d66184